Statistics for Countries That Start with H, J, O, Q, Y, Z (with a map)

Click here to take the quiz!

General Stats

  • This quiz has been taken 1,277 times
  • The average score is 10 of 11

Answer Stats

Hint Hint Country % Correct
488.3208.2Yemen
98%
495.7176.2Qatar
98%
509.33187.2Oman
97%
438310Zambia
97%
447.0325.0Zimbabwe
97%
184.5210.7Honduras
92%
218196Haiti
89%
693.3140.0Japan
89%
206200.2Jamaica
88%
424.4103.1Hungary
86%
462.3158.9Jordan
85%

Score Distribution

Percentile by Number Answered

Percent of People with Each Score

Your Score History

You have not taken this quiz